Statistics for All HLTV Top 20s Ever

Click here to take the quiz!

General Stats

  • This quiz has been taken 11 times
    (6 since last reset)
  • The average score is 173 of 240

Answer Stats

YearTeamCountryAnswer% Correct
2022VitalityFranceZywOo
100%
2017GambitKazakhstanAdreN
83%
2015MOUZFinlandallu
83%
2015TitanFranceapEX
83%
2018Cloud9United Statesautimatic
83%
2022Cloud9RussiaAx1Le
83%
2021GambitRussiaAx1le
83%
2021Natus VincereUkraineb1t
83%
2022Natus VincereUkraineb1t
83%
2022AstralisDenmarkblameF
83%
2021AstralisDenmarkblameF
83%
2020compLexityDenmarkblameF
83%
2017SKBrazilboltz
83%
2020Evil GenuisesUnited StatesBrehze
83%
2019Evil GenuisesUnited StatesBrehze
83%
2022FaZe ClanLatviabroky
83%
2021FaZe ClanLatviabroky
83%
2019FnaticSwedenBrollan
83%
2020FnaticSwedenBrollan
83%
2015?Denmarkcajunb
83%
2019Evil GenuisesBulgariaCeRq
83%
2018MIBRBrazilcoldzera
83%
2016SKBrazilcoldzera
83%
2017SKBrazilcoldzera
83%
2016FnaticSwedendennis
83%
2019AstralisDenmarkdev1ce
83%
2014DignitasDenmarkdev1ce
83%
2016AstralisDenmarkdev1ce
83%
2020AstralisDenmarkdev1ce
83%
2021Ninjas in PyjamasDenmarkdev1ce
83%
2017AstralisDenmarkdev1ce
83%
2015?Denmarkdev1ce
83%
2018AstralisDenmarkdev1ce
83%
2018AstralisDenmarkdupreeh
83%
2015?Denmarkdupreeh
83%
2019AstralisDenmarkdupreeh
83%
2017AstralisDenmarkdupreeh
83%
2020AstralisDenmarkdupreeh
83%
2018Natus VincereRussiaelectroNic
83%
2019Natus VincereRussiaelectroNic
83%
2020Natus VincereRussiaelectroNic
83%
2021Natus VincereRussiaelectroNic
83%
2020Team LiquidUnited StatesEliGE
83%
2019Team LiquidUnited StatesEliGE
83%
2018Team LiquidUnited StatesEliGE
83%
2021Team LiquidUnited StatesEliGE
83%
2017Team LiquidUnited StatesEliGE
83%
2019Evil GenuisesUnited StatesEthan
83%
2014Ninjas in PyjamasSwedenf0rest
83%
2015Ninjas in PyjamasSwedenf0rest
83%
2016Ninjas in PyjamasSwedenf0rest
83%
2016SKBrazilFalleN
83%
2017SKBrazilFalleN
83%
2016SKBrazilfer
83%
2017SKBrazilfer
83%
2015Natus VincereRussiaflamie
83%
2016Natus VincereRussiaflamie
83%
2016GODSENTSwedenflusha
83%
2014FnaticSwedenflusha
83%
2015FnaticSwedenflusha
83%
2016SKBrazilfnx
83%
2014Ninjas in PyjamasSwedenfriberg
83%
2022MOUZSlovakiafrozen
83%
2015Ninjas in PyjamasSwedenGeT_RiGhT
83%
2016Ninjas in PyjamasSwedenGeT_RiGhT
83%
2014Ninjas in PyjamasSwedenGeT_RiGhT
83%
2018AstralisDenmarkgla1ve
83%
2016Natus VincereSlovakiaGuardiaN
83%
2018FaZe ClanSlovakiaGuardiaN
83%
2015Natus VincereSlovakiaGuardiaN
83%
2017FaZe ClanSlovakiaGuardiaN
83%
2015EnVyUsFranceHappy
83%
2014Team LDLCFranceHappy
83%
2020FURIABrazilHEN1
83%
2021GambitKazakhstanHObbit
83%
2017GambitKazakhstanHObbit
83%
2022G2Bosnia and HerzegovinahuNter-
83%
2020G2Bosnia and HerzegovinahuNter-
83%
2021G2Bosnia and HerzegovinahuNter-
83%
2021Virtus.ProRussiaJame
83%
2022OutsidersRussiaJame
83%
2019100ThievesAustraliajks
83%
2020compLexityAustraliajks
83%
2014FnaticSwedenJW
83%
2015FnaticSwedenJW
83%
2017NorthDenmarkk0nfig
83%
2017G2FrancekennyS
83%
2015TitanFrancekennyS
83%
2016EnVyUsFrancekennyS
83%
2014TitanFrancekennyS
83%
2014Team LDLCFrancekioShiMa
83%
2017AstralisDenmarkKjaerbye
83%
2016AstralisDenmarkKjaerbye
83%
2020FnaticSwedenKRIMZ
83%
2018FnaticSwedenKRIMZ
83%
2019FnaticSwedenKRIMZ
83%
2015FnaticSwedenKRIMZ
83%
2022FURIABrazilKSCERATO
83%
2021FURIABrazilKSCERATO
83%
2020FURIABrazilKSCERATO
83%
2022G2Russiam0nesy
83%
2018AstralisDenmarkMagisk
83%
2016DignitasDenmarkMagisk
83%
2020AstralisDenmarkMagisk
83%
2019AstralisDenmarkMagisk
83%
2021Team LiquidCanadaNAF
83%
2019Team LiquidCanadaNAF
83%
2018Team LiquidCanadaNAF
83%
2015EnVyUsFranceNBK
83%
2014Team LDLCFranceNBK
83%
2015Virtus.ProPolandNEO
83%
2020G2Bosnia and HerzegovinaNiKo
83%
2022G2Bosnia and HerzegovinaNiKo
83%
2017FaZe ClanBosnia and HerzogovinaNiKo
83%
2016MOUZBosnia and HerzogovinaNiKo
83%
2019FaZe ClanBosnia and HerzegovinaNiKo
83%
2018FaZe ClanBosnia and HerzegovinaNiKo
83%
2021G2Bosnia and HerzegovinaNiKo
83%
2014FnaticSwedenolofmeister
83%
2016FnaticSwedenolofmeister
83%
2015FnaticSwedenolofmeister
83%
2017FaZe ClanSwedenolofmeister
83%
2018MOUZCzech Republicoskar
83%
2017MOUZCzech Republicoskar
83%
2014Virtus.ProPolandpashaBiceps
83%
2017FaZe ClanNorwayrain
83%
2022FaZe ClanNorwayrain
83%
2018FaZe ClanNorwayrain
83%
2018MOUZEstoniaropz
83%
2022FaZe ClanEstoniaropz
83%
2019MOUZEstoniaRopz
83%
2021MOUZEstoniaropz
83%
2020MOUZEstoniaropz
83%
2022Natus VincereUkraines1mple
83%
2021Natus VincereUkraines1mple
83%
2016Natus VincereUkraines1mple
83%
2019Natus VincereUkraines1mple
83%
2017Natus VincereUkraines1mple
83%
2020Natus VincereUkraines1mple
83%
2018Natus VincereUkraines1mple
83%
2016G2BelgiumScreaM
83%
2019ENCEFinlandsergej
83%
2022Cloud9Russiash1ro
83%
2021GambitRussiash1ro
83%
2015TitanFranceshox
83%
2016G2Franceshox
83%
2014Team LDLCFranceshox
83%
2015Cloud9United StatesSkadoodle
83%
2015Virtus.ProPolandSnax
83%
2014Virtus.ProPolandSnax
83%
2017Virtus.ProPolandSnax
83%
2016Virtus.ProPolandSnax
83%
2022Vitalty/ENCEIsraelSpinx
83%
2022HeroicDenmarkstavn
83%
2021HeroicDenmarkstavn
83%
2020HeroicDenmarkstavn
83%
2018MOUZFinlandsuNny
83%
2014iBUYPOWERUnited Statesswag
83%
2020BIGGermanysyrsoN
83%
2018Team LiquidCanadaTwistzz
83%
2021FaZe ClanCanadaTwistzz
83%
2019Team LiquidCanadaTwistzz
83%
2022FaZe ClanCanadaTwistzz
83%
2018NorthDenmarkvalde
83%
2019MOUZTurkeywoxic
83%
2017AstralisDenmarkXyp9x
83%
2019AstralisDenmarkXyp9x
83%
2018AstralisDenmarkXyp9x
83%
2021Virtus.ProLatviaYEKINDAR
83%
2022Team Liquid/OutsidersLatviaYEKINDAR
83%
2022FURIABrazilyuurih
83%
2020FURIABrazilyuurih
83%
2020VitalityFranceZywOo
83%
2019VitalityFranceZywOo
83%
2021VitalityFranceZywOo
83%
2014TitanFranceapEX
67%
2014Virtus.ProPolandbyali
67%
2013Astana DragonsRussiaDosia
67%
2014DignitasDenmarkdupreeh
67%
2013uberGeekzDenmarkdupreeh
67%
2013Natus VincereUkraineEdward
67%
2013Ninjas in PyjamasSwedenf0rest
67%
2013FnaticSwedenflusha
67%
2013Ninjas in PyjamasSwedenfriberg
67%
2011SKSwedenGeT_RiGhT
67%
2013Ninjas in PyjamasSwedenGeT_RiGhT
67%
2014Natus VincereSlovakiaGuardiaN
67%
2013Natus VincereSlovakiaGuardiaN
67%
2013compLexityUnited StatesHiko
67%
2013FnaticSwedenJW
67%
2013RecursiveFrancekennyS
67%
2014FnaticSwedenKRIMZ
67%
2013Astana DragonsUkrainemarkeloff
67%
2011Natus VincereUkrainemarkeloff
67%
2013VeryGamesFranceNBK
67%
2011Team ESCPolandNEO
67%
2013Copenhagen WolvesDenmarkNico
67%
2013AGAiNPolandpashaBiceps
67%
2013VeryGamesBelgiumScreaM
67%
2013VeryGamesFranceshox
67%
2013Ninjas in PyjamasSwedenXizt
67%
2013uberGeekzDenmarkXyp9x
67%
2013VeryGamesFranceSmithZz
50%
2010Natus VincereUkraineEdward
33%
2011Natus VincereUkraineEdward
33%
2010SKSwedenf0rest
33%
2011SKSwedenf0rest
33%
2010Evil GenuisesUnited StatesfRoD
33%
2010SKSwedenGeT_RiGhT
33%
2011MOUZDenmarkkarrigan
33%
2010Natus VincereUkrainemarkeloff
33%
2010Evil GenuisesUnited Statesn0thing
33%
2010Frag eXecutorsPolandNEO
33%
2011Team ESCPolandpashaBiceps
33%
2011Team ESCPolandTaZ
33%
2010FnaticSwedenXizt
33%
2010mTwDenmarkzonic
33%
2011Team WinFaktFinlandaslak
17%
2010FnaticSwedenDelpan
17%
2011SKSwedenDelpan
17%
2011Moscow FiveRussiaDosia
17%
2010FnaticSwedendsn
17%
2011Moscow FiveRussiaed1k
17%
2010SKSwedenface
17%
2011SKSwedenface
17%
2011FnaticDenmarkFriis
17%
2010Oslo LionsSwedenGux
17%
2011FnaticSwedenGux
17%
2011Team ESCNorwaykalle
17%
2011Team ESCSwedenMODDII
17%
2010SKSwedenMODDII
17%
2010WeMade FoxSouth Koreaperi
17%
2010MOUZGermanyroman
17%
2010eSaharaFrancesixeR
17%
2010Natus VincereUkrainestarix
17%
2011Natus VincereUkrainestarix
17%
2011mTwDenmarktrace
17%
2010mTwDenmarktrace
17%
2011FnaticSwedenXizt
17%
2010Natus VincereUkraineZeus
17%

Score Distribution

Percentile by Number Answered

Percent of People with Each Score

Your Score History

You have not taken this quiz since the last reset